000 00288nam a22001097a 4500
008 230606b xxu||||| |||| 00| 0 eng d
082 _a336.36
245 _aMedium Term Debt Management Starategy
_b2009/10-2011/12
260 _bMinistry of Finance
_c2009/10
300 _a25 p
942 _2ddc
_cBK
999 _c597
_d597